Reamde.
Salvato in:
| Autore principale: | |
|---|---|
| Natura: | Libro |
| Pubblicazione: |
New York, USA:
William Morrow,
2011.
|
| Edizione: | First edition. |
| Soggetti: | |
| Tags: |
Aggiungi Tag
Nessun Tag, puoi essere il primo ad aggiungerne!!
|
MARC
| LEADER | 00000nam a22000007a 4500 | ||
|---|---|---|---|
| 003 | CL-VaPUC | ||
| 005 | 20250117102702.0 | ||
| 008 | 241120t2011 ||||| |||| 00| 0 eng d | ||
| 999 | |c 445831 |d 445829 | ||
| 020 | |a 978-0-06-197796- | ||
| 040 | |c Pontificia Universidad Católica de Valparaíso | ||
| 082 | |a 813.54 STE 2011 | ||
| 100 | 1 | |a Stephenson, Neal |e author |9 894041 | |
| 245 | |a Reamde. | ||
| 250 | |a First edition. | ||
| 260 | |a New York, USA: |b William Morrow, |c 2011. | ||
| 300 | |a 1044 páginas. | ||
| 500 | |a c.1 Donación Prof. Cristian Atala. Memo Curauma 07-11-2024 | ||
| 583 | |c 20241120 |k Catalogador Asistente | ||
| 650 | 0 | |a Novelas estadounidenses |9 265217 |x Ciencia Ficción |x Videojuegos de rol |y Siglo 21 | |
| 650 | 0 | |a Literatura estadounidense |9 317168 |x Suspenso |y Siglo 21 | |
| 650 | |a Realidad virtual |x Ficción |9 894043 | ||
| 650 | |a Lavado de dinero |x Ficción |9 894044 | ||
| 942 | |2 ddc |c BK | ||
| 952 | |0 0 |1 0 |2 ddc |4 0 |6 813_540000000000000_STE_2011 |7 0 |8 A |9 598145 |a BIBCUR |b BIBCUR |d 2024-11-20 |e Donación |i 5663351 |o 813.54 STE 2011 |p 5663351 |r 2025-04-22 |t 1 |w 2024-11-20 |y BK |k CAC | ||